Astrology Trivia #3 - Hard - Statistics

General Stats
  • This quiz has been taken 296 times
  • The average score is 5 of 20
Answer Stats
Question Answer % Correct
6 Which house is associated with rebirth, other’s money, the occult, and the unknown? The 8th house
72%
3 What planet’s symbol/glyph looks like a 4? Jupiter
70%
2 What age are we in/approaching? The Age of Aquarius
53%
8 What is it called when you have 3 or 4 planets in the same sign/house? Stellium
45%
1 What is Capricorn's gemstone? Garnet
35%
13 What does the trident represent? Neptune
34%
14 Castor and Pollux are characters in Greek Mythology that became names of two stars in which constellation? Gemini
33%
15 What celestial body is known as the ‘wounded healer’? Chiron
30%
20 What type of astrology is this quiz based on? Western Astrology
29%
16 Which sign is associated as Orion’s enemy? Scorpio
23%
4 What main body part does Libra rule over? The kidneys
21%
5 Mercury, Venus, the Moon, and Jupiter are all considered what type of planet? Benefic
16%
11 Which constellation kind of looks like a triangle? Capricornus
15%
10 Mars, Saturn, Pluto, (and sometimes Uranus and Neptune) are all considered what type of planet? Malefic
15%
17 Cardinal is equivalent to which type of house? Angular
10%
12 The 3rd, 6th, 9th, and 12th houses are all what type of house? Cadent
8%
9 When a sign doesn’t rule any houses, that sign is... Intercepted
8%
18 What is the name for the 4th house? Imum Coeli
5%
7 When a planet returns to the same spot it was in when someone is born, what is it called? Transit
5%
19 What is a 135 degree aspect called? Sesquiquadrate
3%
No matching quizzes found
Score Distribution
Percent of People with Each Score
Percentile by Number Answered
Your Score History
You have not taken this quiz